Spell the Marvel Hero #44 - Statistics

General Stats
  • This quiz has been taken 18 times
  • The average score is 7 of 10
Answer Stats
Picture Answer % Correct
Okoye
94%
Angel
88%
Jubilee
88%
Silk
88%
Magik
82%
U.S. Agent
82%
Ursa Major
65%
Abigail Brand
53%
Rictor
53%
Red Widow
29%
No matching quizzes found
Score Distribution
Percent of People with Each Score
Percentile by Number Answered
Your Score History
You have not taken this quiz